Capitales du Monde aléatoires - Statistiques

Statistiques générales
  • Ce quiz a été pris 943 fois
  • Le résultat moyen est 14 sur 20
Statistiques - réponses
Pays Capitale % Correct
Pays-Bas Amsterdam
100%
Andorre Andorre-la- Vieille
100%
Turquie Ankara
100%
Grèce Athènes
100%
Suisse Berne
100%
Danemark Copenhague
100%
Irlande Dublin
100%
Israël Jérusalem
100%
Ukraine Kiev
100%
Égypte Le Caire
100%
Pérou Lima
100%
Portugal Lisbonne
100%
Espagne Madrid
100%
Canada Ottawa
100%
Corée du Nord Pyongyang
100%
Corée du Sud Séoul
100%
Singapour Singapour
100%
Japon Tokyo
100%
Vatican Vatican
100%
États-Unis Washington
100%
Bolivie La Paz / Sucre
96%
Saint-Marin Saint-Marin
96%
Algérie Alger
95%
Allemagne Berlin
95%
Roumanie Bucarest
95%
Uruguay Montevideo
95%
France Paris
95%
Afrique du Sud Pretoria / Le Cap / Bloemfontein
95%
Maroc Rabat
95%
Pologne Varsovie
95%
Autriche Vienne
95%
Croatie Zagreb
95%
Rép du Congo Brazzaville
94%
Australie Canberra
94%
Syrie Damas
94%
Rép. Dém. du Congo Kinshasa
94%
Monténégro Podgorica
94%
Lettonie Riga
94%
Iran Téhéran
94%
Monaco Monaco
93%
Norvège Oslo
93%
Tunisie Tunis
93%
Thaïlande Bangkok
92%
Argentine Buenos Aires
92%
Inde New Delhi
92%
Belgique Bruxelles
91%
Royaume-Uni Londres
91%
Philippines Manille
91%
Mexique Mexico
91%
Suède Stockholm
91%
Kosovo Pristina
90%
Liechtenstein Vaduz
90%
Brésil Brasilia
89%
Hongrie Budapest
89%
Sénégal Dakar
89%
Qatar Doha
89%
Indonésie Jakarta
89%
Koweït Koweït
89%
Chine Pékin
89%
Luxembourg Luxembourg
88%
Russie Moscou
88%
Arabie Saoudite Riyad
88%
Italie Rome
87%
Mali Bamako
85%
Chypre Nicosie
85%
République Tchèque Prague
85%
Serbie Belgrade
84%
Djibouti Djibouti
83%
Jamaïque Kingston
83%
Namibie Windhoek
83%
Afghanistan Kaboul
82%
Cuba La Havane
82%
Angola Luanda
82%
Colombie Bogotá
80%
Finlande Helsinki
80%
Malte La Valette
80%
Bulgarie Sofia
80%
Irak Bagdad
78%
Slovénie Ljubljana
78%
Chili Santiago
78%
Albanie Tirana
78%
Venezuela Caracas
77%
Eswatini Mbabane
76%
Biélorussie Minsk
76%
Équateur Quito
76%
Estonie Tallinn
76%
Trinité-et-Tobago Port-d'Espagne
75%
Taïwan Taipei
75%
Lituanie Vilnius
75%
Côte d'Ivoire Yamoussoukro
75%
Tanzanie Dodoma
73%
Kenya Nairobi
73%
Moldavie Chișinău
72%
Guatemala Guatemala
72%
Nouvelle-Zélande Wellington
72%
Nigeria Abuja
71%
Panama Panama
71%
Haïti Port-au-Prince
71%
Libye Tripoli
71%
Zimbabwe Harare
70%
Malaisie Kuala Lumpur
70%
Nicaragua Managua
70%
Macédoine du Nord Skopje
70%
Émirats Arabes Unis Abou Dabi
69%
Kazakhstan Astana
69%
République Centrafricaine Bangui
69%
Géorgie Tbilissi
69%
Viêt Nam Hanoï
68%
Gabon Libreville
68%
Bosnie- Herzégovine Sarajevo
68%
Liban Beyrouth
67%
Slovaquie Bratislava
67%
Mauritanie Nouakchott
67%
Madagascar Antananarivo
65%
Guinée-Bissau Bissau
65%
Guinée Conakry
65%
Soudan du Sud Djouba
65%
Pakistan Islamabad
65%
Lesotho Maseru
65%
Somalie Mogadiscio
65%
Comores Moroni
65%
Bangladesh Dacca
64%
Arménie Erevan
64%
Sao Tomé-et- Principe Sao Tomé
64%
Brunei Bandar Seri Begawan
63%
Botswana Gaborone
63%
Burkina Faso Ouagadougou
63%
République Dominicaine Saint-Domingue
63%
Ghana Accra
62%
Mongolie Oulan-Bator
62%
Maurice Port-Louis
62%
Islande Reykjavik
62%
Jordanie Amman
60%
Azerbaïdjan Bakou
60%
Belize Belmopan
60%
Birmanie Naypyidaw
60%
Honduras Tegucigalpa
60%
Togo Lomé
59%
Bhoutan Thimphou
58%
Sainte-Lucie Castries
57%
Tadjikistan Douchanbé
57%
Guyana Georgetown
57%
Népal Katmandou
57%
Bahamas Nassau
57%
Tonga Nukuʻalofa
57%
Suriname Paramaribo
57%
Vanuatu Port-Vila
57%
Salvador San Salvador
57%
Turkménistan Achgabat
56%
Costa Rica San José
56%
Rwanda Kigali
55%
Yémen Sanaa
55%
Laos Vientiane
55%
Guinée Équatoriale Malabo
54%
Éthiopie Addis-Abeba
53%
Paraguay Asunción
53%
Burundi Gitega
53%
Érythrée Asmara
50%
Timor Oriental Dili
50%
Cambodge Phnom Penh
50%
Cameroun Yaoundé
50%
Maldives Malé
48%
Mozambique Maputo
48%
Liberia Monrovia
48%
Grenade Saint George's
48%
Sierra Leone Freetown
47%
Malawi Lilongwe
47%
Oman Mascate
47%
Niger Niamey
47%
Sri Lanka Sri Jayawardenapura Kotte
47%
Saint-Vincent-et- les-Grenadines Kingstown
45%
Ouzbékistan Tachkent
45%
Kirghizistan Bichkek
44%
Tuvalu Funafuti
44%
Soudan Khartoum
44%
Palaos Ngerulmud
44%
Bénin Porto-Novo
44%
Seychelles Victoria
44%
Samoa Apia
42%
Saint-Christophe- et-Niévès Basseterre
42%
Ouganda Kampala
42%
Papouasie- Nouvelle-Guinée Port Moresby
42%
Cap-Vert Praia
42%
Dominique Roseau
41%
Tchad Ndjamena
38%
États Fédérés de Micronésie Palikir
36%
Kiribati Tarawa-Sud
36%
Zambie Lusaka
33%
Nauru Yaren
33%
Bahreïn Manama
31%
Fidji Suva
31%
Barbade Bridgetown
27%
Îles Salomon Honiara
25%
Antigua-et- Barbuda Saint John's
22%
Gambie Banjul
21%
Îles Marshall Majuro
11%
Aucun quiz correspondant
Distribution des résultats
% des personnes avec chaque résultat
Percentile par nombre de réponses
Votre historique - résultats
Vous n’avez pas pris ce quiz